000 01618cam a22004814i 4500
003 PE-LiUPU
005 20250731172958.0
008 150623s r 000 0 d
020 _a9505734247
035 _a(Sirsi) i9789505734245
040 _aPE-LiUPU
_bspa
_cPE-LiUPU
_erda
049 _aPRUA
082 0 4 _a248.4008
_bCh15
_221
100 1 _aChaij, Enrique,
_eautor.
245 1 0 _aMaravillas de la fe /
_cEnrique Chaij.
264 1 _aBuenos Aires :
_bAsociación Casa Editora Sudamericana,
_c1994.
300 _a83 páginas ;
_c15.5 centímetros
336 _atext
_2rdacontent
337 _aunmediated
_2rdamedia
338 _avolume
_2rdacarrier
490 0 _aColección Vida Abundante ;
_v8
500 _aEn la cubierta 'la excelencia de la fe frente al mundo secular'.
505 0 _aEl hombre sin Dios. -Razones para creer. -Resultados de creer. -El dialogo del creyente. -Mas sobre la fe.
526 _aSEG42
526 _aSEG41
526 _aSEG40
526 _aSEG39
526 _aP94
526 _aP87
526 _aP86
526 _aP85
526 _aP77
526 _aP76
526 _aP35
650 0 4 _aFe.
_93098
650 0 4 _aVida cristiana.
942 _2ddc
_cBOOK
949 _a248.4008 CH15
_wDEWEY
_c1
_i45418
_lCCODEBUL1
_mBUL
_r0
_sY
_tBOOK
_u2015-6-24
_xTEOLOGIA
_PP35
_0COMPRA
_o.STAFF. Colección General
994 _aC0
_bPEPRU
596 _a1
999 _a248.4008 CH15
_wDEWEY
_c22282
_i45418
_f2021-11-30
_g5
_lCCODEBUL1
_mBUL
_r0
_sY
_tBOOK
_u2015-6-24
_xTEOLOGIA
_PP35
_0COMPRA
_o.STAFF. Colección General
_d22282
980 _81
_gALBERTO SANCHEZ Responsable de Automatización